Prospectiva (Registro nro. 29560)

Detalles MARC
000 -LEADER
fixed length control field 01990nas a22003257a 4500
003 - CONTROL NUMBER IDENTIFIER
control field CO-CtgCURN
005 - DATE AND TIME OF LATEST TRANSACTION
control field 20250407152859.0
007 - PHYSICAL DESCRIPTION FIXED FIELD--GENERAL INFORMATION
fixed length control field cr || aaaaaaaa
008 - FIXED-LENGTH DATA ELEMENTS--GENERAL INFORMATION
fixed length control field 190916c1994 fr|no |||| 00| 00spa d
022 ## - INTERNATIONAL STANDARD SERIAL NUMBER
International Standard Serial Number 0122-1213 (impreso)
022 ## - INTERNATIONAL STANDARD SERIAL NUMBER
International Standard Serial Number 2389-993X (digital)
040 ## - CATALOGING SOURCE
Original cataloging agency CO-CtgCURN
Language of cataloging spa
Transcribing agency CO-SiCUC
Description conventions rda
082 ## - DEWEY DECIMAL CLASSIFICATION NUMBER
Classification number 363.1
110 ## - MAIN ENTRY--CORPORATE NAME
Corporate name or jurisdiction name as entry element Universidad del Valle.
Subordinate unit Facultad de Humanidades. Escuela de Trabajo Social y Desarrollo Humano.
9 (RLIN) 7854
245 ## - TITLE STATEMENT
Title Prospectiva
Medium [electronic resource] /
Statement of responsibility, etc. Universidad del Valle
260 ## - PUBLICATION, DISTRIBUTION, ETC.
Place of publication, distribution, etc. Cali, Valle del Cauca :
Name of publisher, distributor, etc. Universidad del Valle,
Date of publication, distribution, etc. 1994
300 ## - PHYSICAL DESCRIPTION
Extent volúmenes :
Other physical details ilustraciones, gráficas, tablas ;
Dimensions 25 centímetros
336 ## - CONTENT TYPE
Source rdacontent
337 ## - MEDIA TYPE
Source rdamedia
338 ## - CARRIER TYPE
Source rdacarrier
504 ## - BIBLIOGRAPHY, ETC. NOTE
Bibliography, etc. note Incluye referencias bibliográficas
520 ## - SUMMARY, ETC.
Summary, etc. PROSPECTIVA es una Revista de Trabajo Social e intervención social de publicación semestral, editada y financiada por la Universidad del Valle (Colombia) desde 1994, que se interesa por el desarrollo del pensamiento social y del trabajo social contemporáneo, en particular el de América Latina, y por la difusión de conocimiento que aporte a procesos de transformación social. Se dirige a académicos, profesionales y actores de la intervención social. Publica artículos originales en español e inglés derivados de investigación-incluida la sistematización de experiencias- de las ciencias sociales y humanas, así como reflexiones teóricas del campo de lo social y específicamente sobre Trabajo Social; también publica reseñas. La Revista es arbitrada por pares.
521 ## - TARGET AUDIENCE NOTE
Target audience note AREA PROFESIONAL
550 ## - ISSUING BODY NOTE
Issuing body note Publicado por la Universidad del Valle
590 ## - LOCAL NOTE (RLIN)
Local note Programa de Trabajo Social_26
650 ## - SUBJECT ADDED ENTRY--TOPICAL TERM
Topical term or geographic name entry element Trabajo social
General subdivision Publicaciones periódicas
Geographic subdivision Colombia
9 (RLIN) 2436
856 ## - ELECTRONIC LOCATION AND ACCESS
Uniform Resource Identifier <a href="http://revistaprospectiva.univalle.edu.co/">http://revistaprospectiva.univalle.edu.co/</a>
Link text Haga clic para acceso en línea
942 ## - ADDED ENTRY ELEMENTS (KOHA)
Source of classification or shelving scheme Dewey Decimal Classification
Koha item type Revistas electrónicas
Classification part 361.3
Existencias
Withdrawn status Lost status Source of classification or shelving scheme Damaged status Not for loan Collection Home library Current library Date acquired Total checkouts Full call number Date last seen Price effective from Koha item type
    Dewey Decimal Classification     Revistas electrónicas Miguel Henríquez Castañeda Barranquilla Miguel Henríquez Castañeda Barranquilla 09/16/2019   361.3 09/16/2019 09/16/2019 Revistas electrónicas